Score 0/41 Timer 10:00
0 Plays Today
Line Association % Correct
the subject of word associationfootball.
80%
I shall be talking aboutof flu
20%
Tonight's the night
0%
This is a techniqueout a living
0%
much used in the practicemakes perfect
0%
of psychoanalysis-ter and brother
0%
and one that has occupiedpiper
0%
the majorityrule
0%
of my attentionsquad by the right number 1 2 3
0%
for the last five yearsto the memory.
0%
It is quite remarkableBaker Charlie
0%
how muchthe miller's son
0%
this so-calledwhile you were out
0%
word associationimmigrants problem
0%
influences the mannerfrom heaven
0%
all-American
0%
speakthe famous explorer.
0%
And the reallywell that is
0%
surprising part-ner in crime
0%
is that a lotand his wife
0%
of thelions' feeding
0%
Line Association % Correct
time we may bec d e
0%
effectively quite unaware of the factor fiction section of the Watford Public Library
0%
then now then what's going on
0%
-ward Christian
0%
y part of the lettuce
0%
now praise famous men
0%
-tal homes for loonies like me
0%
Soon the button,
0%
my contentioncausing all the headaches
0%
is that unless we take into accountof Monte Cristo
0%
in our thinkingGeorge the Fifth
0%
this phenomenonthe other hand
0%
we shall not be able satisfactor-fiction section of the Watford Public Library again-
0%
-ily to understandto attention when I'm talking to you and stop laughing
0%
about human nature, man's psychological make upsome story the wife'll believe
0%
and hence the very meaning of life itself-ish bastard I'll kick him in the balls
0%
Pond Road.
0%
in which wesleekit cow'rin tim'rous beastie
0%
that we are even doing itis a far far better thing that I do now
0%
Barnard the famous heart-
0%

You're not logged in!

Compare scores with friends on all Sporcle quizzes.
OR
Log In

Sporcle TV

Today on Sporcle TV


Watch our educational content, quiz creation guides, and fun videos on Sporcle TV.

Show Comments

Extras

Top Quizzes Today


Score Distribution

Paid Content

Your Account Isn't Verified!

In order to create a playlist on Sporcle, you need to verify the email address you used during registration. Go to your Sporcle Settings to finish the process.

Report this User

Report this user for behavior that violates our Community Guidelines.

Details: